000 01044nam a2200193Ia 4500
999 _c34686
_d34686
001 471
003 GE_BSU
005 20221003122042.0
008 181216s2011||||ge |||||||||||||| ||geo||
020 _a9789941920509
040 _cGE_BSU
080 _a342(479.22) ს-323
245 _aსაქართველოს კონსტიტუცია :
_bსაყმაწვილო ილუსტრირებული /
_cლექსიკონის ტექტის ავტ.: ავთანდილ დემეტრაშვილი, თინათინ ერქვანია, მაკა თედორაძე [და სხვ.] ; რედ. ზურაბ მაჭარაძე ; მხატვ. ჯემალ ზენაიშვილი].
264 _aბათუმი,
_c2011.
300 _a127 გვ.:
_b ილ. ;
_c20 სმ.
501 _aლექსიკონი: გვ. 112-127.
653 _aსაქართველოს კონსტიტუცია
942 _cBK
_2udc